• 首页
  • 本馆介绍
  • 公告通知
  • 最新文献
  • 馆藏检索
  • 电子资源
  • 读者导购
  • 参考咨询
  • 我的图书馆
  • 登录
  • 详细信息显示
  • 放入我的书架
  • 预约/预借图书
  • 作者相关作品
  • 分类相关作品
  • 丛书相关作品
  • 出版社相关作品

书目信息

  • 表格格式
  • 工作单格式
  • 卡片格式
题名:
实用化学技术
    
 
作者: 舒元梯 主编
分册:  
出版信息: 成都   西南交通大学出版社  1991.9
页数: 415页
开本: 19cm
丛书名:
单 册:
中图分类: O69
科图分类:
主题词: 应用化学
电子资源:
ISBN: 7-81022-294-5
000 00826nam0 2200241 45
001 0192008977
005 20061119161111.25
010    @a7-81022-294-5@dCNY4.40
100    @a19920330d1991 em y0chiy0121 ea
101 0  @achi
102    @aCN@b510000
105    @ay z 000yy
200 10 @a实用化学技术@ASHI YONG HUA XUE JI SHU@f舒元梯主编@FSHU YUAN TI ZHU BIAN
210    @a成都@c西南交通大学出版社@d1991.9
215    @a415页@d19cm
330    @a本书介绍了食品营养成分及土壤和作物养分的测定;软饮料、家庭自制冷饮、化妆品等的配料及制作方法以及农副产品的贮藏、保鲜、深度加工与开发应用。
517 1  @a化学技术@AHUA XUE JI SHU
540 1  @a实用 化学 技术@ASHI YONG HUA XUE JI SHU
606    @a应用化学
690    @aO69@v三版
701  0 @a舒元梯@ASHU YUAN TI@4主编
801  0 @aCN@bTSSF@c20061119
905    @a10447@dO69@e3
    
    实用化学技术/舒元梯主编.-成都:西南交通大学出版社,1991.9
    415页;19cm
    
    
    ISBN 7-81022-294-5:CNY4.40
    本书介绍了食品营养成分及土壤和作物养分的测定;软饮料、家庭自制冷饮、化妆品等的配料及制作方法以及农副产品的贮藏、保鲜、深度加工与开发应用。
●
相关链接 在E读中查询图书 在五车中查询图书 在当当中查询图书 在豆瓣中查询图书


正题名:实用化学技术     索取号:O69/3         预约/预借

序号 登录号 条形码 馆藏地/架位号 状态 备注
1 0249568   000630428   第二样本阅览室/ [索取号:O69/3] 在馆    
唐山师范学院图书馆 欢迎您!
大连网信软件有限公司© 版权所有